Evolution of the income approach

Bibliographic Details
Main Author: Burton, James H
Format: Book
Published: Chicago : American Institute of Real Estate Appraisers , 1982
Subjects:

MARC

LEADER 00000cam a2200000 7i4500
001 0000003799
005 20021127.0
020 |a 0911780629 
040 |a INS 
090 0 0 |a HD1387.   |b B85 1982 
100 1 |a Burton, James H 
245 1 0 |a Evolution of the income approach   |c James H. Burton 
260 |a Chicago :   |b American Institute of Real Estate Appraisers ,   |c 1982 
300 |a xii, 260p. ;   |c 24 cm. 
500 |a Includes subject index 
650 0 0 |a Income 
650 0 0 |a Real property   |x Taxation   |x Colonies 
999 |a 0000001720   |b BOOK   |c Open Shelf   |e Default branch